00533nam a22001697a 450000500170000001000150001702000260003203500140005803700130007208200120008510000310009724500720012826000380020027000380023830000260027650000610030220181115144822.0 aENG-123515 a9788190892605c550.00 aEN-107047 bDBAD/PUB a954.083 aSrikant, Ashok Aounshuman aGhadar in tirhoot :cby Ashok Aounshuman Srikantba documentation / aPatnabBihar State Archivesc2009 aJawaharlal Nehru Marg, bPatnae1 axxvi, 358p.c21cm(Hb) aIt includes Appendices, bibliography, glossary and index